| 000 | 00364nam a22001457a 4500 | ||
|---|---|---|---|
| 020 |
_a978-0124077263 _qPB. |
||
| 040 | _cFIZZA ISHAQ | ||
| 082 |
_a004.22 _bDAV |
||
| 100 |
_aPatterson, D.A _955357 |
||
| 245 | _aComputer Organization and Design /; | ||
| 250 | _a5TH ED. | ||
| 260 |
_aNEW YORK : _bElsevier Inc _c2014. |
||
| 300 | _a575 p. ; | ||
| 942 |
_2ddc _cBKB |
||
| 999 |
_c566191 _d566191 |
||